|
|
|
|
| LEADER |
00723nam a22001937a 4500 |
| 001 |
c000115033 |
| 003 |
CARM |
| 005 |
19991222115257.0 |
| 008 |
990609s1903 enk 000 1 eng d |
| 019 |
1 |
|
|a 20130437
|5 LACONCORD2021
|
| 035 |
|
|
|a (OCoLC)26166728
|5 LACONCORD2021
|
| 040 |
|
|
|a VCAV
|b eng
|c VCAV
|
| 100 |
1 |
|
|a Maxwell, W.B.
|q (William Babington),
|d 1866-1938.
|
| 245 |
1 |
0 |
|a Fabulous fancies /
|c by W.B. Maxwell.
|
| 260 |
|
|
|a London :
|b Grant Richards,
|c 1903.
|
| 300 |
|
|
|a 296 p. ;
|c 20 cm.
|
| 852 |
8 |
|
|b CARM
|h A2:AG34A0
|i B03383
|p 0162239
|f BK
|
| 999 |
f |
f |
|i c8d09318-fe09-5fce-aba2-fb1b7e84562f
|s 758a31ed-960a-584b-9c87-c8d286ca66be
|
| 952 |
f |
f |
|p Can circulate
|a CAVAL
|b CAVAL
|c CAVAL
|d CARM 1 Store
|e B03383
|f A2:AG34A0
|h Other scheme
|i book
|m 0162239
|